000 01092nac a2200253 a 4500
003 Co-PeBPM
005 20250718150459.0
008 250718b |||||||| |||| 00| 0 spa d
020 _a9789585870574
040 0 _aCo-PeBPM
_bspa
_cCo-PeBPM
_erda
041 0 _aspa
082 _a305.42 C65
110 _aCentro Nacional de Memoria Histórica.
245 1 0 _aMujeres y guerra
_b: víctimas y resistentes en el Caribe colombiano: resumen
_c/ Centro Nacional de Memoria Histórica.
260 _aBogotá
_b: Centro Nacional de Memoria Histórica
_c, 2014.
300 _a126 páginas
_b: ilustraciones
_c; 23 cm.
504 _aIncluye referencias bibliográficas (páginas 109-126)
650 1 4 _2LEMB
_aMujeres víctimas de la violencia
_zCaribe (Región, Colombia)
650 1 4 _2LEMB
_aMujeres
_xspectos socioeconómicos
_zCaribe (Región, Colombia)
650 1 4 _2LEMB
_aMujeres y guerra
_zCaribe (Región, Colombia)
650 1 4 _2LEMB
_aViolación como arma de guerra
_zCaribe (Región, Colombia)
650 1 4 _2LEMB
_aDelitos contra la mujer
_zCaribe (Región, Colombia)
942 _2ddc
_cBK
_n0
999 _c61035
_d61035